Honest signals (Record no. 35031)
[ view plain ]
| 000 -LEADER | |
|---|---|
| fixed length control field | 01306nam a2200349Ia 4500 |
| 082 04 - DEWEY DECIMAL CLASSIFICATION NUMBER | |
| Classification number | 302/.12 |
| 100 1# - MAIN ENTRY--AUTHOR NAME | |
| Personal name | Pentland, Alex, |
| 245 10 - TITLE STATEMENT | |
| Title | Honest signals |
| 260 ## - PUBLICATION, DISTRIBUTION, ETC. (IMPRINT) | |
| Place of publication | Cambridge, MA : |
| Name of publisher | MIT Press, |
| Year of publication | c2008. |
| 300 ## - PHYSICAL DESCRIPTION | |
| Number of Pages | xvii, 184 p. |
| 500 ## - GENERAL NOTE | |
| General note | "A Bradford book." |
| 650 #0 - SUBJECT ADDED ENTRY--TOPICAL TERM | |
| Topical Term | Social perception. |
| Topical Term | Organizational behavior. |
| Topical Term | Business networks. |
| Topical Term | Social interaction. |
| 856 40 - ELECTRONIC LOCATION AND ACCESS | |
| Uniform Resource Identifier | http://site.ebrary.com/lib/rucke/Doc?id=10251667 |
No items available.
